Detalles MARC
| 000 -LIDER |
| fixed length control field |
01165nam a22003137a 4500 |
| 001 - NÚMERO DE CONTROL |
| Identificador de número de control |
000517 |
| 003 - IDENTIFICACDOR DE NÚMERO DE CONTROL |
| control field |
DO-SdBNP |
| 005 - DATE AND TIME OF LATEST TRANSACTION |
| control field |
20171110115526.0 |
| 007 - CAMPOS FIJOS DE DESCRIPCIÓN FÍSICA |
| fixed length control field |
000517 |
| 008 - ELEMENTOS DE LONGITUD FIJA |
| fixed length control field |
160921b 2011 pr a ||||| |||| 00| 0 spa d |
| 020 ## - ISBN |
| International Standard Book Number |
9789972209246 |
| 040 ## - FUENTE DE CATALOGACIÓN |
| Agencia que crea de manera original el registro |
BPMSU |
| Idioma de catalogación |
spa |
| Agencia que realiza la transcripción |
BPMSU |
| 082 #4 - NÚMERO DE CLASIFICACIÓN DECIMAL DE DEWEY |
| Classification number |
641.5 |
| Item number |
M292c |
| 245 10 - MENCIÓN DE TITULO |
| Título |
Las mejores recetas de la cocina saludable / |
| Mención de responsabilidad |
Mancha Manteles, Sandra Salcedo, Karisa Becerra ; fotografía Stella Watmough Vega. |
| 260 ## - PUBLICACIÓN, DISTRIBUCIÓN, ETC. (PIE DE IMPRENTA) |
| Lugar de publicación, distribución, etc |
Barcelona: |
| Nombre del editor, distribuidor, etc. |
Lexus, |
| Fecha de publicación, distribución, etc |
2007. |
| 300 ## - DESCRIPCIÓN FÍSICA |
| Extensión |
200 p. : |
| Otros detalles físicos |
il. ; |
| Dimensiones |
34 cm. |
| 505 0# - NOTA DE CONTENIDO |
| Título |
Los carbohidratos -- |
| -- |
Las proteínas -- |
| -- |
Las grasas -- |
| -- |
Las vitaminas, minerales y antioxidantes -- |
| -- |
Alimentación y etapas de la vida -- |
| -- |
La alimentación y las enfermedades -- |
| -- |
Para tomar en cuenta. |
| 650 #4 - ENCABEZAMIENTO DE MATERIA--TEMÁTICO |
| Término temático o nombre geográfico como elemento de entrada |
COCINA |
| 650 #4 - ENCABEZAMIENTO DE MATERIA--TEMÁTICO |
| Término temático o nombre geográfico como elemento de entrada |
PREPARACIÓN DE ALIMENTOS |
| 650 #4 - ENCABEZAMIENTO DE MATERIA--TEMÁTICO |
| Término temático o nombre geográfico como elemento de entrada |
COMIDAS Y BANQUETES |
| 700 12 - ASIENTO SECUNDARIO -- NOMBRE PERSONAL |
| Nombre personal |
Manteles, Mancha |
| 700 12 - ASIENTO SECUNDARIO -- NOMBRE PERSONAL |
| Nombre personal |
Salcedo, Sandra |
| 700 12 - ASIENTO SECUNDARIO -- NOMBRE PERSONAL |
| Nombre personal |
Becerra, Karisa |
| 700 12 - ASIENTO SECUNDARIO -- NOMBRE PERSONAL |
| Nombre personal |
Watmough Vega, Stella, |
| Mención de responsabilidad |
fot. |
| 910 ## - VALIDACIÓN |
| Validación |
Validado. Control de calidad MFF |
| 942 ## - ADDED ENTRY ELEMENTS (KOHA) |
| Source of classification or shelving scheme |
Dewey Decimal Classification |
| Koha item type |
Libros |
| 945 ## - INFORMACIÓN DE PROCESAMIENTO LOCAL |
| Información de procesamiento local |
Invetariado extranjerov / 2017 VM |
| 956 ## - LOCAL ELECTRONIC LOCATION AND ACCESS (OCLC) |
| Método de acceso |
LOPEREZ |
| Materiales especificados |
10 |
| Enlace |
20160921 |
| Campo enlazado y núm. de secuencia |
BPMSU |
| Nombre de host |
00041 |